000 00646nam a2200217 4500
003 OSt
005 20260530115306.0
008 260506b1973 xxua|||| |||| 00| 0 eng d
020 _a0486220222
040 _aICI
_bspa
_cICI
050 _aTJ1195
_bT66 1973
245 0 0 _aTools and their uses /
_cPrepared by the u. s. navy (bureau of naval prsonnel
264 1 _bDover,
_c1973
_aNew York :
300 _a179 páginas
_c23cm.
336 _atexto
_2rdacontent
337 _asin medio
_2rdamedia
338 _avolumen
_2rdacarrier
650 _aHerramientas
_931952
710 1 _aEstados Unidos.
_bBureau of Naval Personnel
_931953
942 _2lcc
_cBK
999 _c13091
_d13091